000 00486nam a2200157 a 4500
001 000030653
005 20200930062431.0
008 090716s1905 dr 000 0 spa d
040 _aDO-SdBNP
_bspa
_cBNPHU
100 1 _aWagner, Charles,
_d1852-
_957240
245 1 0 _aLa vida sencilla /
_cCharles Wagner ; traducción J. Enrique Vélez.
260 _aSanto Domingo :
_fFlor del Ozama,
_c1905.
300 _a148 p. ;
_c19 cm.
700 1 _aVélez, J. Enrique
_etrad.
_957241
049 _aBNPD
999 _c30145
_d30145